000 02119nam0a2200373 i 4500
001 RU\NLR\BIBL_A\010453206
005 20260407172252.0
010 _a9785317047306
_bВып. 5
_9100
010 _a978-5-317-04194-6
021 _aRU
_b14-44469
035 _a(NILC)RuMoRGB-007509119
035 _a(NLR Aleph) 010453206
090 _a9938668
_c9938668
100 _a20140820d2014 k y0rusy50 ca
101 0 _arus
102 _aRU
105 _aa|||z||||||||
200 1 _aДолгосрочное прогнозирование социально-экономического и научно-технологического развития России: перспективы до 2030 года
_f[Белоусов Д.Р., к.э.н., Сальников В.А., к.э.н., Фролов А.С. и др.]
_gЦентр макроэкон. анализа и краткосрочного прогнозирования, Моск. междунар. высш. школа бизнеса "МИРБИС" (Ин-т)
210 _aМосква
_cМАКС Пресс
_d2014
215 _a438 с.
_cил.
_d21
225 1 _aПреемство
_eбелоусовский альманах
_vВып. 5
300 _aАвт. указаны на обороте тит. л.
320 _aБиблиогр.: с. 420-434 (282 назв.)
607 _aРоссийская Федерация
_xНародное хозяйство
_xПрогнозирование
_92079098
_3RU\NLR\AUTH\661254970
686 1 _aУ23(2)038(2Р)
701 1 _aБелоусов
_bД. Р.
_gДмитрий Рэмович
701 1 _aСальников
_bВ. А.
_gВладимир Алексеевич
701 1 _aФролов
_bА. С.
_cканд. экон. наук
_gАлександр Сергеевич
_9131727
_3RU\NLR\AUTH\770131761
712 0 2 _4570
_aЦентр макроэкономического анализа и краткосрочного прогнозирования
_cМосква
_3RU\NLR\AUTH\8810108902
_9718004
801 0 _aRU
_bРГБ
_c20140620
_gRCR
942 _cBOOK
980 _aNBR